The Life and works of Jose Rizal / (Record no. 357899)
[ view plain ]
| 000 -LEADER | |
|---|---|
| fixed length control field | 00496nam a2200133Ia 4500 |
| 008 - FIXED-LENGTH DATA ELEMENTS--GENERAL INFORMATION | |
| fixed length control field | 180523s9999 xx 000 0 und d |
| 020 ## - INTERNATIONAL STANDARD BOOK NUMBER | |
| International Standard Book Number | 9789719809364 |
| 100 ## - MAIN ENTRY--PERSONAL NAME | |
| Personal name | Wani-Obias, Rhodalyn |
| 245 ## - TITLE STATEMENT | |
| Statement of responsibility, etc | Rhodalyn Wani-Obias, Aaron Abel Mallari, Janet Reguindin-Estrella. |
| Title | The Life and works of Jose Rizal / |
| 260 ## - PUBLICATION, DISTRIBUTION, ETC. (IMPRINT) | |
| Place of publication, distribution, etc | Quezon City : |
| Name of publisher, distributor, etc | C & E Publishing |
| Date of publication, distribution, etc | 2018 |
| 300 ## - PHYSICAL DESCRIPTION | |
| Extent | viii, 181 pages : |
| Other physical details | illustrations ; |
| Dimensions | cm. |
| 500 ## - GENERAL NOTE | |
| General note | Includes bibliography and index. |
| 650 ## - SUBJECT ADDED ENTRY--TOPICAL TERM | |
| Topical term or geographic name as entry element | Rizal, Jose, 1861-1896. |
| Withdrawn status | Lost status | Damaged status | Home library | Current library | Shelving location | Date acquired | Source of acquisition | Total Checkouts | Total Renewals | Full call number | Barcode | Checked out | Date last seen | Date checked out | Price effective from | Koha item type |
|---|---|---|---|---|---|---|---|---|---|---|---|---|---|---|---|---|
| College Library | College Library | Filipiniana Section | 05/23/2018 | 6 | 26 | DS 675.8R .W36 2018 | C21516 | 12/04/2024 | 10/09/2024 | 10/09/2024 | 05/23/2018 | Books |